000 00964nac a22002651u 4500
010 _a2001030156
020 _a0072398604 (alk. paper)
020 _a0071122710 (ISE)
082 0 0 _a515
_bS6421
090 _c1243
_d1243
100 _aSmith, Robert T.
245 1 0 _aCalculus/
_cRobert T. Smith, Roland B. Minton.
250 _a2nd ed.
260 _aBoston :
_bMcGraw-Hill,
_cc2002.
300 _axxviii, 850 p. :
_bill. (some col.) ;
_c26 cm.
504 _aIncludes bibliographical references (p. [835]-842) and index.
650 0 _aCalculus.
700 1 _aMinton, Roland B.,
_d1956-
856 4 1 _3Table of contents only
_uhttp://www.loc.gov/catdir/enhancements/fy0612/2001030156-t.html
856 4 1 _3Publisher description
_uhttp://www.loc.gov/catdir/enhancements/fy0612/2001030156-d.html
942 _cBB
_k515S6421
_hRDA-MOD
999 _c1243
_d1243
336 _2rdacontent
_atext
_btxt
337 _aunmediated
_2rdamedia
_bn
338 _avolume
_bnc
_2rdacarrier